South Eastern Kenya University

Library Online Public Access Catalogue


Clear and present danger; (Record no. 13775)

MARC details
000 -LEADER
fixed length control field 00509cam a2200205 4500
001 - CONTROL NUMBER
control field 1746218
003 - CONTROL NUMBER IDENTIFIER
control field OSt
005 - DATE AND TIME OF LATEST TRANSACTION
control field 20160511144431.0
008 - FIXED-LENGTH DATA ELEMENTS--GENERAL INFORMATION
fixed length control field 700130s1969 nyuac 000 0 eng
010 ## - LIBRARY OF CONGRESS CONTROL NUMBER
LC control number 75105719
040 ## - CATALOGING SOURCE
Original cataloging agency SEKU
050 00 - LIBRARY OF CONGRESS CALL NUMBER
Classification number JC591
Item number .C28
100 1# - MAIN ENTRY--PERSONAL NAME
Personal name Clancy, Tom, date.
Relator term comp.
245 10 - TITLE STATEMENT
Title Clear and present danger;
260 ## - PUBLICATION, DISTRIBUTION, ETC. (IMPRINT)
Place of publication, distribution, etc. New York,
Name of publisher, distributor, etc. Pegasus
Date of publication, distribution, etc. [1969]
300 ## - PHYSICAL DESCRIPTION
Extent xx, 271 p.
Other physical details illus., port.
Dimensions 21 cm.
350 ## - PRICE (NR) (BK AM CF MU VM SE) [OBSOLETE]
Price 2.25
650 #0 - SUBJECT ADDED ENTRY--TOPICAL TERM
Topical term or geographic name as entry element Freedom of speech.
942 ## - ADDED ENTRY ELEMENTS (KOHA)
Source of classification or shelving scheme Library of Congress Classification
Koha item type General circulation
Holdings
Withdrawn status Lost status Source of classification or shelving scheme Damaged status Not for loan Home library Current library Shelving location Date acquired Source of acquisition Total Checkouts Full call number Barcode Date last seen Price effective from Koha item type Public note
    Library of Congress Classification     Main Campus Library Main Campus Library General Stacks 11/05/2016 Donation-books for Africa   JC 591 .C28 2016/017903 11/05/2016 11/05/2016 General circulation A.K.
Kitui, Kenya.
+254736116989
library@seku.ac.ke